Estadísticas para Capitales Mundiales con el Mayor Número de Turistas Internacionales

Haz click aquí para tomar la prueba!

Estadísticas generales

  • Esta prueba ha sido tomada 1,511 veces
  • La puntuación promedio es 13 de 20

Estadísticas de respuestas

# Capital % Correcto
15.0 MParís
98%
4.6 MMadrid
97%
9.6 MRoma
94%
18.6 MLondres
94%
4.2 MPekín
91%
8.5 MTokio
91%
4.9 MBerlín
88%
4.4 MMoscú
87%
4.2 MAtenas
72%
5.9 MÁmsterdam
65%
5.9 MDelhi
60%
5.7 MViena
57%
8.8 MSeúl
56%
4.6 MDublin
54%
18.7 MBangkok
53%
7.0 MPraga
50%
16.9 MSingapur
34%
12.2 MKuala Lumpur
30%
9.0 MTaipéi
23%
6.4 MManama
3%

Distribución de puntuación

Porcentaje por número respondido

Porcentaje de gente con cada puntuación

Historial de tus puntuaciones

No has tomado esta prueba